000 00228nam a2200097Ia 4500
001 778093
005 20250826165919.0
008 250824s9999 xx 000 0 und d
245 0 _aYOLDA
_cBUKET UZUNER
260 _bEVEREST YAYINLARI
999 _c778093
_d778093